[One Piece] Membres de la tribu des Shandias en images - Statistiques

Statistiques générales
  • Ce quiz a été pris 39 fois
  • Le résultat moyen est 9 sur 18
Statistiques - réponses
Par images Réponse % Correct
Wiper
100%
Kalgara
96%
Laki
79%
Aisa
68%
Braham
64%
Kamakiri
61%
Nola
61%
Mousse
57%
Genbo
50%
Seto
46%
Herb
36%
Isa
36%
Kashigami
36%
Yotsubane
36%
Mayushika
32%
Warashi
32%
Chiya
29%
Coburn
29%
Aucun quiz correspondant
Distribution des résultats
% des personnes avec chaque résultat
Percentile par nombre de réponses
Votre historique - résultats
Vous n’avez pas pris ce quiz